Normal view
MARC view
- Shwartz S.S. & David S.B
Entry Personal Name
001 - CONTROL NUMBER
- control field: 204211
003 - CONTROL NUMBER IDENTIFIER
- control field: OSt
005 - DATE AND TIME OF LATEST TRANSACTION
- control field: 20230720124814.0
008 - FIXED-LENGTH DATA ELEMENTS
- fixed length control field: 230720|| aca||aabn | a|a d
040 ## - CATALOGING SOURCE
- Original cataloging agency: OSt
- Transcribing agency: OSt
100 ## - HEADING--PERSONAL NAME
- Personal name: Shwartz S.S. & David S.B
670 ## - SOURCE DATA FOUND
- Source citation: Work cat.: (OSt)355238: Shwartz S.S. 204210, Understanding Machine Learning, 2014